[Event "Young Stars of the World 2007"]
[Site "Kirishi RUS"]
[Date "2007.05.16"]
[Round "1.1"]
[White "Grigoryan, Avetik"]
[Black "Negi, Parimarjan"]
[Result "1/2-1/2"]
[WhiteElo "2455"]
[BlackElo "2515"]
[PlyCount "70"]
[EventDate "2007.05.14"]
[EventType "tourn"]
[EventRounds "11"]
[EventCountry "RUS"]
[Source "lmi"]
[SourceDate "2007.05.14"]

1. c4 e5 2. Nc3 Nc6 3. Nf3 Bb4 4. g3 Nf6 5. Bg2 Bxc3 6. bxc3 O-O 7. O-O d6 8.
d3 h6 9. Nh4 e4 10. dxe4 Re8 11. Qc2 Qe7 12. Nf5 Bxf5 13. exf5 Qxe2 14. Qxe2
Rxe2 15. Be3 Nd7 16. Rfb1 Nb6 17. c5 dxc5 18. a4 Na5 19. Bxc5 Rd8 20. Rb5 Nc6
21. a5 a6 22. Rbb1 Nc4 23. Bf1 Re5 24. Bd4 Nxd4 25. cxd4 Rxd4 26. Rxb7 Nxa5 27.
Rxc7 Rxf5 28. Bxa6 Nb3 29. Re1 g6 30. Re2 Rc5 31. Ree7 Rxc7 32. Rxc7 Nd2 33.
Kg2 Ne4 34. Bc4 Nd6 35. Rd7 Rxc4 1/2-1/2

[Event "Young Stars of the World 2007"]
[Site "Kirishi RUS"]
[Date "2007.05.16"]
[Round "1.2"]
[White "Bindrich, Falko"]
[Black "Popov, Ivan"]
[Result "1-0"]
[WhiteElo "2469"]
[BlackElo "2533"]
[PlyCount "107"]
[EventDate "2007.05.14"]
[EventType "tourn"]
[EventRounds "11"]
[EventCountry "RUS"]
[Source "lmi"]
[SourceDate "2007.05.14"]

1. e4 c5 2. Nf3 d6 3. d4 cxd4 4. Nxd4 Nf6 5. Nc3 g6 6. Be3 Bg7 7. f3 O-O 8. Qd2
Nc6 9. Bc4 Bd7 10. Bb3 Nxd4 11. Bxd4 b5 12. a4 b4 13. Nd5 Nxd5 14. exd5 Bxd4
15. Qxd4 Qa5 16. h4 Rac8 17. h5 Bf5 18. Qd2 gxh5 19. Rxh5 Bg6 20. Rh4 Qb6 21.
Kf1 a5 22. Re1 Rc7 23. Bc4 Kh8 24. b3 Rg8 25. Re2 Rg7 26. Qe1 f6 27. Qd2 Rc8
28. Qe1 Rc7 29. Qf2 Qxf2+ 30. Kxf2 Kg8 31. Ke3 Bf7 32. Kd4 h5 33. g4 Rg5 34.
gxh5 Bxh5 35. Rf2 Bf7 36. Rg4 Rxg4+ 37. fxg4 Kg7 38. Rd2 Kg6 39. c3 Rb7 40. Rh2
Kg5 41. cxb4 Rxb4 42. Kc3 Rb7 43. Rh7 Bg6 44. Rg7 Rc7 45. Rg8 Kh6 46. Ra8 Kg5
47. Rxa5 Kxg4 48. Kd4 f5 49. Ra8 f4 50. Rg8 Kh5 51. a5 f3 52. Ke3 Bc2 53. a6
Bd1 54. Ra8 1-0

[Event "Young Stars of the World 2007"]
[Site "Kirishi RUS"]
[Date "2007.05.16"]
[Round "1.3"]
[White "Andriasian, Zaven"]
[Black "Safarli, Eltaj"]
[Result "1-0"]
[WhiteElo "2523"]
[BlackElo "2463"]
[PlyCount "123"]
[EventDate "2007.05.14"]
[EventType "tourn"]
[EventRounds "11"]
[EventCountry "RUS"]
[Source "lmi"]
[SourceDate "2007.05.14"]

1. e4 e5 2. Nf3 Nc6 3. Bc4 Bc5 4. c3 Nf6 5. d3 d6 6. O-O O-O 7. Nbd2 a6 8. Bb3
Ba7 9. h3 h6 10. Re1 Be6 11. Nf1 Re8 12. Ng3 d5 13. Bd2 b5 14. Qe2 d4 15. Red1
Qd7 16. Bxe6 fxe6 17. Rac1 Rab8 18. b4 dxc3 19. Bxc3 Bd4 20. a3 Re7 21. Rc2
Bxc3 22. Rxc3 Nd4 23. Nxd4 Qxd4 24. Qc2 Rd8 25. Rxc7 Rxc7 26. Qxc7 Qd6 27. Qc3
Rd7 28. Qb2 Rc7 29. Kh2 h5 30. Qd2 Qd4 31. Qa2 Qd7 32. f3 Kh7 33. h4 Qd6 34.
Qd2 g6 35. Ne2 Kg7 36. Rc1 Rd7 37. Rc3 Nh7 38. Qe1 Qe7 39. Qg3 Qf6 40. Nc1 g5
41. Rc5 Qf4 42. Qxf4 exf4 43. hxg5 Kg6 44. Ne2 Rf7 45. g3 fxg3+ 46. Kxg3 Nxg5
47. f4 Nh7 48. Rc6 Rd7 49. Rxe6+ Kf7 50. Rxa6 Rxd3+ 51. Kh4 Nf6 52. Ra7+ Kf8
53. e5 Ne4 54. Kxh5 Rd2 55. Nc1 Nc3 56. Kg4 Nd5 57. e6 Rg2+ 58. Kf3 Rc2 59. Ne2
Ke8 60. Nd4 Rc4 61. Nxb5 Rxf4+ 62. Kg3 1-0

[Event "Young Stars of the World 2007"]
[Site "Kirishi RUS"]
[Date "2007.05.16"]
[Round "1.5"]
[White "Gorovykh, Eduard"]
[Black "Kuzubov, Yuriy"]
[Result "1-0"]
[WhiteElo "2416"]
[BlackElo "2564"]
[PlyCount "92"]
[EventDate "2007.05.14"]
[EventType "tourn"]
[EventRounds "11"]
[EventCountry "RUS"]
[Source "lmi"]
[SourceDate "2007.05.14"]

1. e4 c5 2. Nf3 d6 3. d4 cxd4 4. Nxd4 Nf6 5. Nc3 a6 6. g3 e5 7. Nf3 Be7 8. Bg2
O-O 9. O-O b5 10. Nh4 g6 11. Bh6 Re8 12. h3 Bb7 13. Qd2 b4 14. Nd5 Nxd5 15.
exd5 a5 16. Nf3 Nd7 17. a3 Qb6 18. axb4 axb4 19. Ng5 Rxa1 20. Rxa1 Ra8 21.
Rxa8+ Bxa8 22. Ne4 Bb7 23. c3 f5 24. Bg5 Bf8 25. Nf6+ Nxf6 26. Bxf6 h6 27. g4
Kf7 28. g5 hxg5 29. Bxg5 bxc3 30. bxc3 Bg7 31. c4 e4 32. Be3 Qb1+ 33. Bf1 Qb2
34. Qa5 Qf6 35. Qb6 Qe7 36. Bf4 Bf8 37. c5 Bxd5 38. cxd6 Qb7 39. Qxb7+ Bxb7 40.
d7 Be7 41. Bc7 g5 42. d8=Q Bxd8 43. Bxd8 Kg6 44. Be2 Bd5 45. Kf1 Bc6 46. Ke1 f4
1-0

[Event "Young Stars of the World 2007"]
[Site "Kirishi RUS"]
[Date "2007.05.16"]
[Round "1.6"]
[White "Zhigalko, Sergei"]
[Black "Lintchevski, Daniil"]
[Result "1/2-1/2"]
[WhiteElo "2540"]
[BlackElo "2445"]
[PlyCount "35"]
[EventDate "2007.05.14"]
[EventType "tourn"]
[EventRounds "11"]
[EventCountry "RUS"]
[Source "lmi"]
[SourceDate "2007.05.14"]

1. e4 c5 2. c3 Nf6 3. e5 Nd5 4. Nf3 Nc6 5. Bc4 Nb6 6. Bb3 d6 7. exd6 c4 8. Bc2
Bg4 9. b3 e5 10. bxc4 Nxc4 11. d4 Bxd6 12. O-O Qf6 13. Qd3 Bxf3 14. Qxc4 e4 15.
Nd2 Bxh2+ 16. Kxh2 Qh4+ 17. Kg1 Bxg2 18. Kxg2 1/2-1/2

[Event "Young Stars of the World 2007"]
[Site "Kirishi RUS"]
[Date "2007.05.17"]
[Round "2.1"]
[White "Negi, Parimarjan"]
[Black "Lintchevski, Daniil"]
[Result "1-0"]
[WhiteElo "2515"]
[BlackElo "2445"]
[PlyCount "86"]
[EventDate "2007.05.14"]
[EventType "tourn"]
[EventRounds "11"]
[EventCountry "RUS"]
[Source "lmi"]
[SourceDate "2007.05.14"]

1. e4 c5 2. Nf3 Nc6 3. Nc3 e5 4. Bc4 Be7 5. d3 d6 6. O-O Nf6 7. Ng5 O-O 8. f4
Bg4 9. Qe1 exf4 10. Bxf4 Nd4 11. Qd2 h6 12. Nf3 Be6 13. Rae1 Nxf3+ 14. Rxf3 Nh7
15. Nd5 Bg5 16. Bxg5 Nxg5 17. Rg3 Kh8 18. Rf1 Rb8 19. Qc3 b5 20. h4 b4 21. Qe1
Nh7 22. Rgf3 Qd7 23. Qg3 Rbe8 24. b3 Bxd5 25. Bxd5 f6 26. Rf5 Re5 27. d4 cxd4
28. Qd3 Qc7 29. Qxd4 Qc5 30. Qxc5 dxc5 31. a3 Rxf5 32. exf5 Rd8 33. Bc4 a5 34.
a4 Nf8 35. h5 Nh7 36. Re1 Ng5 37. Re7 Kh7 38. Ra7 Ne4 39. Rxa5 Ng3 40. Rxc5
Nxh5 41. a5 Ng3 42. a6 Rd1+ 43. Kh2 Ne4 1-0

[Event "Young Stars of the World 2007"]
[Site "Kirishi RUS"]
[Date "2007.05.17"]
[Round "2.2"]
[White "Kuzubov, Yuriy"]
[Black "Zhigalko, Sergei"]
[Result "1-0"]
[WhiteElo "2564"]
[BlackElo "2540"]
[PlyCount "71"]
[EventDate "2007.05.14"]
[EventType "tourn"]
[EventRounds "11"]
[EventCountry "RUS"]
[Source "lmi"]
[SourceDate "2007.05.14"]

1. d4 Nf6 2. c4 e6 3. Nc3 Bb4 4. Qc2 O-O 5. a3 Bxc3+ 6. Qxc3 d6 7. g3 e5 8.
dxe5 dxe5 9. Bg2 Re8 10. Nf3 Nc6 11. Be3 a5 12. O-O Qe7 13. b3 h6 14. Rfd1 Bf5
15. h3 Bh7 16. Kh2 Rad8 17. Qb2 Qe6 18. Rac1 Be4 19. Rxd8 Rxd8 20. b4 axb4 21.
axb4 Re8 22. Qc3 b6 23. Ra1 Qe7 24. Ra4 Rd8 25. b5 Nd4 26. Ra7 Qc5 27. Qc1 Rd7
28. Qa1 Bxf3 29. exf3 Qxc4 30. f4 Nd5 31. Ra8+ Kh7 32. Qb1+ g6 33. Qe4 Nf6 34.
Qxe5 Kg7 35. g4 Qc5 36. Ra4 1-0

[Event "Young Stars of the World 2007"]
[Site "Kirishi RUS"]
[Date "2007.05.17"]
[Round "2.3"]
[White "Mamedov, Rauf"]
[Black "Gorovykh, Eduard"]
[Result "1-0"]
[WhiteElo "2584"]
[BlackElo "2416"]
[PlyCount "134"]
[EventDate "2007.05.14"]
[EventType "tourn"]
[EventRounds "11"]
[EventCountry "RUS"]
[Source "lmi"]
[SourceDate "2007.05.14"]

1. e4 e6 2. d4 d5 3. Nd2 dxe4 4. Nxe4 Nd7 5. c4 Be7 6. Nf3 Ngf6 7. Nc3 O-O 8.
Be2 c5 9. O-O cxd4 10. Qxd4 Nc5 11. Bf4 Qxd4 12. Nxd4 Rd8 13. Rfd1 Bd7 14. Bf3
Rac8 15. b3 a6 16. Rac1 Be8 17. h3 b6 18. Rc2 Bd6 19. Nxe6 Nxe6 20. Bxd6 Bc6
21. Bxc6 Rxc6 22. Be5 Rxd1+ 23. Nxd1 Ne4 24. Re2 N4c5 25. Nc3 f6 26. Nd5 Kf7
27. Bc3 b5 28. Ne3 Nf4 29. Rc2 Ne4 30. Ba5 bxc4 31. Nxc4 Re6 32. Kh2 g5 33. Bb6
f5 34. Bd4 Nd3 35. f3 Nd6 36. Rd2 Nxc4 37. Rxd3 Nd6 38. Bc5 Ne8 39. Rd7+ Kg6
40. a4 Nf6 41. Rd2 h5 42. b4 f4 43. Kg1 g4 44. Kf1 Kf5 45. h4 g3 46. Bd6 Re3
47. Rd4 Ra3 48. Bxf4 Ra1+ 49. Ke2 Ra2+ 50. Rd2 Rxa4 51. Bxg3 Rxb4 52. Ra2 Nd5
53. Be1 Nf4+ 54. Ke3 Rb5 55. Bg3 Re5+ 56. Kf2 a5 57. Ra4 Nd3+ 58. Kg1 Rc5 59.
Bd6 Rd5 60. Bc7 Ne5 61. Bxa5 Ng6 62. Bc7 Rc5 63. Bg3 Ne7 64. Ra7 Ke6 65. Kh2
Nf5 66. Rh7 Ne7 67. Bf4 Ng6 1-0

[Event "Young Stars of the World 2007"]
[Site "Kirishi RUS"]
[Date "2007.05.17"]
[Round "2.4"]
[White "Safarli, Eltaj"]
[Black "Nepomniachtchi, Ian"]
[Result "1/2-1/2"]
[WhiteElo "2463"]
[BlackElo "2602"]
[PlyCount "64"]
[EventDate "2007.05.14"]
[EventType "tourn"]
[EventRounds "11"]
[EventCountry "RUS"]
[Source "lmi"]
[SourceDate "2007.05.14"]

1. e4 e6 2. d4 d5 3. Nc3 Nf6 4. Bg5 Bb4 5. exd5 Qxd5 6. Bxf6 gxf6 7. Nge2 Nc6
8. a3 Bxc3+ 9. Nxc3 Qxd4 10. Qxd4 Nxd4 11. O-O-O c5 12. Ne4 Ke7 13. Nxc5 e5 14.
c3 Ne6 15. Ne4 f5 16. Nd6 Nc5 17. Bc4 Be6 18. Rhe1 Kf6 19. b4 Bxc4 20. Nxc4 Ne4
21. f3 Rac8 22. Ne3 Nxc3 23. Rd6+ Kg5 24. Kd2 e4 25. Rc1 f4 26. Rxc3 Rxc3 27.
Rd5+ Kg6 28. Kxc3 fxe3 29. fxe4 Re8 30. Rd4 f5 31. Kd3 f4 32. g3 Kg5 1/2-1/2

[Event "Young Stars of the World 2007"]
[Site "Kirishi RUS"]
[Date "2007.05.17"]
[Round "2.5"]
[White "Popov, Ivan"]
[Black "Andriasian, Zaven"]
[Result "0-1"]
[WhiteElo "2533"]
[BlackElo "2523"]
[PlyCount "45"]
[EventDate "2007.05.14"]
[EventType "tourn"]
[EventRounds "11"]
[EventCountry "RUS"]
[Source "lmi"]
[SourceDate "2007.05.14"]

1. e4 c5 2. Nc3 d6 3. f4 g6 4. Nf3 Bg7 5. Bc4 Nc6 6. O-O e6 7. d3 Nge7 8. Qe1
O-O 9. f5 d5 10. Bb3 dxe4 11. dxe4 exf5 12. Qh4 fxe4 13. Ng5 h6 14. Nxf7 Qd4+
15. Kh1 c4 16. Be3 Qxe3 17. Bxc4 Bxc3 18. Ng5+ Kg7 19. Rxf8 Kxf8 20. Qxh6+ Ke8
21. bxc3 Qxc3 22. Rd1 Qxc4 23. Nh7 0-1

[Event "Young Stars of the World 2007"]
[Site "Kirishi RUS"]
[Date "2007.05.17"]
[Round "2.6"]
[White "Grigoryan, Avetik"]
[Black "Bindrich, Falko"]
[Result "1-0"]
[WhiteElo "2455"]
[BlackElo "2469"]
[PlyCount "85"]
[EventDate "2007.05.14"]
[EventType "tourn"]
[EventRounds "11"]
[EventCountry "RUS"]
[Source "lmi"]
[SourceDate "2007.05.14"]

1. d4 d5 2. c4 c6 3. Nc3 Nf6 4. Nf3 e6 5. Bg5 h6 6. Bh4 Be7 7. e3 O-O 8. Qc2
Nbd7 9. cxd5 Nxd5 10. Bg3 Nxc3 11. bxc3 b6 12. Bd3 Bb7 13. O-O c5 14. e4 Qc8
15. Qe2 Nf6 16. h3 Rd8 17. a4 Bc6 18. Rfd1 a5 19. d5 exd5 20. exd5 Nxd5 21. Qe4
f5 22. Qc4 Bf6 23. Nh4 Bxh4 24. Bxh4 Re8 25. Bc2 g5 26. Rxd5 Bxd5 27. Qxd5+ Kh8
28. Bxf5 Qc7 29. Bg3 Qg7 30. Rd1 Qf6 31. Bd7 Rad8 32. Bxe8 Rxd5 33. Rxd5 Qe6
34. Re5 Qb3 35. Re7 Qd1+ 36. Kh2 Kg8 37. Bg6 Kf8 38. Rf7+ Ke8 39. Rb7+ Kd8 40.
Bf5 Ke8 41. Bg6+ Kd8 42. Rxb6 Qxa4 43. Bd6 1-0

[Event "Young Stars of the World 2007"]
[Site "Kirishi RUS"]
[Date "2007.05.18"]
[Round "3.1"]
[White "Bindrich, Falko"]
[Black "Negi, Parimarjan"]
[Result "0-1"]
[WhiteElo "2469"]
[BlackElo "2515"]
[PlyCount "40"]
[EventDate "2007.05.14"]
[EventType "tourn"]
[EventRounds "11"]
[EventCountry "RUS"]
[Source "lmi"]
[SourceDate "2007.05.14"]

1. e4 e5 2. Nf3 Nc6 3. Bb5 a6 4. Ba4 Nf6 5. O-O Be7 6. Re1 b5 7. Bb3 O-O 8. h3
Bb7 9. d3 Re8 10. Ng5 d5 11. exd5 Nd4 12. Rxe5 Qd6 13. Re1 Nxb3 14. axb3 Nxd5
15. Nf3 Bf6 16. Nbd2 Nb4 17. Re3 Rxe3 18. fxe3 Qc5 19. Ne1 Qxe3+ 20. Kf1 Bd4
0-1

[Event "Young Stars of the World 2007"]
[Site "Kirishi RUS"]
[Date "2007.05.18"]
[Round "3.3"]
[White "Nepomniachtchi, Ian"]
[Black "Popov, Ivan"]
[Result "1/2-1/2"]
[WhiteElo "2602"]
[BlackElo "2533"]
[PlyCount "67"]
[EventDate "2007.05.14"]
[EventType "tourn"]
[EventRounds "11"]
[EventCountry "RUS"]
[Source "lmi"]
[SourceDate "2007.05.14"]

1. e4 c6 2. d4 d5 3. f3 e5 4. dxe5 Bc5 5. Nc3 Qb6 6. Na4 Qa5+ 7. c3 Bxg1 8.
Rxg1 dxe4 9. f4 Nd7 10. b4 Qc7 11. c4 a5 12. b5 cxb5 13. cxb5 Nb6 14. Be3 Nxa4
15. Qxa4 Qc3+ 16. Kf2 Nh6 17. Be2 Ng4+ 18. Bxg4 Bxg4 19. Qxe4 O-O 20. f5 Qb4
21. Qxb4 axb4 22. Rgb1 Ra4 23. Bc5 Rfa8 24. f6 Be6 25. Bxb4 Rxa2+ 26. Rxa2
Rxa2+ 27. Kg3 gxf6 28. exf6 h5 29. Re1 h4+ 30. Kxh4 Rxg2 31. Bd6 Rg6 32. Be5
Kh7 33. Re4 Rg2 34. Bg3 1/2-1/2

[Event "Young Stars of the World 2007"]
[Site "Kirishi RUS"]
[Date "2007.05.18"]
[Round "3.4"]
[White "Gorovykh, Eduard"]
[Black "Safarli, Eltaj"]
[Result "1/2-1/2"]
[WhiteElo "2416"]
[BlackElo "2463"]
[PlyCount "58"]
[EventDate "2007.05.14"]
[EventType "tourn"]
[EventRounds "11"]
[EventCountry "RUS"]
[Source "lmi"]
[SourceDate "2007.05.14"]

1. e4 c5 2. Nf3 d6 3. d4 cxd4 4. Nxd4 Nf6 5. Nc3 a6 6. Be2 e5 7. Nb3 Be7 8. O-O
O-O 9. a4 Be6 10. Bf3 Nbd7 11. Re1 Qc7 12. a5 Rfc8 13. Be3 Bf8 14. h3 b5 15.
axb6 Nxb6 16. Na5 Rab8 17. Qd2 h6 18. Reb1 Nc4 19. Nxc4 Bxc4 20. Be2 Qb7 21. f3
Qc6 22. Bxc4 Qxc4 23. Ra4 Qc6 24. Qd3 Qb7 25. Kh2 Rc7 26. Bd2 Ra8 27. Ra2 Rc6
28. Rba1 Nd7 29. Be3 Rac8 1/2-1/2

[Event "Young Stars of the World 2007"]
[Site "Kirishi RUS"]
[Date "2007.05.18"]
[Round "3.5"]
[White "Zhigalko, Sergei"]
[Black "Mamedov, Rauf"]
[Result "1/2-1/2"]
[WhiteElo "2540"]
[BlackElo "2584"]
[PlyCount "77"]
[EventDate "2007.05.14"]
[EventType "tourn"]
[EventRounds "11"]
[EventCountry "RUS"]
[Source "lmi"]
[SourceDate "2007.05.14"]

1. e4 c5 2. Nf3 Nc6 3. Bb5 g6 4. O-O Bg7 5. c3 Nf6 6. Qa4 O-O 7. d4 cxd4 8.
cxd4 d5 9. e5 Nd7 10. Bxc6 Nb6 11. Qa5 bxc6 12. b3 f6 13. Re1 Bg4 14. Nbd2 Nd7
15. Qxd8 Rfxd8 16. exf6 exf6 17. Ba3 Re8 18. h3 Bxf3 19. Nxf3 Bh6 20. Kf1 a5
21. Rxe8+ Rxe8 22. Re1 Ra8 23. Re7 a4 24. Bd6 axb3 25. axb3 Ra1+ 26. Ke2 Ra7
27. Re8+ Kf7 28. Re7+ Kg8 29. Re8+ Kf7 30. Rd8 Nf8 31. g3 Ne6 32. Rb8 Ra2+ 33.
Kf1 Ra1+ 34. Kg2 Ra2 35. Rb7+ Kg8 36. Re7 Be3 37. Re8+ Kf7 38. Re7+ Kg8 39.
Re8+ 1/2-1/2

[Event "Young Stars of the World 2007"]
[Site "Kirishi RUS"]
[Date "2007.05.18"]
[Round "3.6"]
[White "Lintchevski, Daniil"]
[Black "Kuzubov, Yuriy"]
[Result "0-1"]
[WhiteElo "2445"]
[BlackElo "2564"]
[PlyCount "74"]
[EventDate "2007.05.14"]
[EventType "tourn"]
[EventRounds "11"]
[EventCountry "RUS"]
[Source "lmi"]
[SourceDate "2007.05.14"]

1. e4 c5 2. Nf3 d6 3. d4 cxd4 4. Nxd4 Nf6 5. Nc3 a6 6. Be2 e5 7. Nb3 Be7 8. O-O
O-O 9. a4 Nc6 10. Bf3 Be6 11. Nd5 Bxd5 12. exd5 Na5 13. Nd2 Qc7 14. b3 Rfc8 15.
Ra2 b5 16. Ne4 Nb7 17. Nxf6+ Bxf6 18. Bg4 Re8 19. Bd2 Nc5 20. axb5 axb5 21.
Rxa8 Rxa8 22. Qe2 Rb8 23. f4 Qb7 24. fxe5 Bxe5 25. Bf3 Qc7 26. Be3 Nd7 27. g3
g6 28. Kg2 b4 29. Rf2 Qd8 30. Qa6 h5 31. h4 Kg7 32. Be2 Qe8 33. Ba7 Rc8 34. Bb5
Rc3 35. Bd3 Qa8 36. Qa5 Nc5 37. Bc4 Rxg3+ 0-1

[Event "Young Stars of the World 2007"]
[Site "Kirishi RUS"]
[Date "2007.05.19"]
[Round "4.1"]
[White "Negi, Parimarjan"]
[Black "Kuzubov, Yuriy"]
[Result "1-0"]
[WhiteElo "2515"]
[BlackElo "2564"]
[PlyCount "93"]
[EventDate "2007.05.14"]
[EventType "tourn"]
[EventRounds "11"]
[EventCountry "RUS"]
[Source "lmi"]
[SourceDate "2007.05.14"]

1. e4 c5 2. Nf3 Nc6 3. Nc3 e5 4. Bc4 d6 5. d3 Be7 6. O-O Nf6 7. Ng5 O-O 8. f4
Bg4 9. Qe1 exf4 10. Bxf4 Nd4 11. Qd2 h6 12. Nf3 Nxf3+ 13. gxf3 Be6 14. Kh1 Kh7
15. Qe2 Qd7 16. Bd2 a6 17. a4 Rae8 18. Bxe6 fxe6 19. f4 Bd8 20. Rg1 d5 21. Qg2
Qf7 22. Raf1 Rg8 23. f5 dxe4 24. Nxe4 Nxe4 25. Qg6+ Qxg6 26. fxg6+ Kh8 27. dxe4
Bf6 28. c3 Rgf8 29. Be3 Rc8 30. Rd1 Be5 31. a5 Kg8 32. Rd7 Rf3 33. Rgd1 Bf6 34.
Bg1 Rf4 35. Rxb7 Rxe4 36. Bxc5 Re2 37. Bg1 Kf8 38. Rd6 Be7 39. Rxa6 Re1 40. Kg2
Rd8 41. Bf2 Re4 42. Rab6 Rd2 43. Kf3 Re5 44. Rb8+ Bd8 45. Bh4 Rd3+ 46. Kf4 Rf5+
47. Ke4 1-0

[Event "Young Stars of the World 2007"]
[Site "Kirishi RUS"]
[Date "2007.05.19"]
[Round "4.2"]
[White "Mamedov, Rauf"]
[Black "Lintchevski, Daniil"]
[Result "1/2-1/2"]
[WhiteElo "2584"]
[BlackElo "2445"]
[PlyCount "92"]
[EventDate "2007.05.14"]
[EventType "tourn"]
[EventRounds "11"]
[EventCountry "RUS"]
[Source "lmi"]
[SourceDate "2007.05.14"]

1. c4 e5 2. g3 Nf6 3. Bg2 c6 4. d4 exd4 5. Qxd4 d5 6. Nc3 Be6 7. cxd5 cxd5 8.
Nf3 Nc6 9. Qa4 Be7 10. O-O O-O 11. Be3 Ng4 12. Bd4 Nxd4 13. Nxd4 Nf6 14. Qb3
Bc5 15. Rfd1 Qe7 16. e3 Rfd8 17. h3 Rac8 18. Nce2 Bb6 19. Nf4 Rc4 20. Ndxe6
fxe6 21. Nxd5 exd5 22. Bxd5+ Rxd5 23. Rxd5 Qb4 24. Qxb4 Rxb4 25. Rd2 Rc4 26.
Kg2 Kf7 27. Rad1 h5 28. b3 Rc5 29. Re2 Re5 30. Rc2 Re8 31. Rc4 g5 32. a4 g4 33.
hxg4 hxg4 34. b4 Re7 35. Rc8 Bc7 36. Rc1 Bd6 37. R8c4 Re5 38. b5 b6 39. Rc8 Bc5
40. a5 Re7 41. Rc4 Ne4 42. Rc6 Kg7 43. Ra4 Kf7 44. Rc4 Kg7 45. Rc8 Kf7 46. Rc6
Kg7 1/2-1/2

[Event "Young Stars of the World 2007"]
[Site "Kirishi RUS"]
[Date "2007.05.19"]
[Round "4.3"]
[White "Safarli, Eltaj"]
[Black "Zhigalko, Sergei"]
[Result "1-0"]
[WhiteElo "2515"]
[BlackElo "2564"]
[PlyCount "59"]
[EventDate "2007.05.14"]
[EventType "tourn"]
[EventRounds "11"]
[EventCountry "RUS"]
[Source "lmi"]
[SourceDate "2007.05.14"]

1. e4 c5 2. Nf3 Nc6 3. Nc3 e5 4. Bc4 d6 5. d3 Be7 6. O-O Nf6 7. Ng5 O-O 8. f4
Bg4 9. Qe1 exf4 10. Bxf4 Nd4 11. Qd2 a6 12. h3 Bh5 13. g4 Bg6 14. a4 Qd7 15. a5
Rae8 16. Be3 h6 17. Nf3 Nxg4 18. hxg4 Qxg4+ 19. Qg2 Qxg2+ 20. Kxg2 Nxc2 21. Bf4
Nxa1 22. Rxa1 Rd8 23. Nd5 Rfe8 24. b4 Kh7 25. bxc5 dxc5 26. Rb1 f5 27. Rxb7
fxe4 28. Ne5 Bg5 29. Bxg5 Rxd5 30. Bf6 1-0

[Event "Young Stars of the World 2007"]
[Site "Kirishi RUS"]
[Date "2007.05.19"]
[Round "4.4"]
[White "Popov, Ivan"]
[Black "Gorovykh, Eduard"]
[Result "1-0"]
[WhiteElo "2533"]
[BlackElo "2416"]
[PlyCount "77"]
[EventDate "2007.05.14"]
[EventType "tourn"]
[EventRounds "11"]
[EventCountry "RUS"]
[Source "lmi"]
[SourceDate "2007.05.14"]

1. e4 c5 2. Nf3 d6 3. d4 cxd4 4. Nxd4 Nf6 5. Nc3 g6 6. Be2 Bg7 7. O-O O-O 8.
Nb3 Nc6 9. Bg5 Be6 10. Kh1 Rc8 11. f4 Nd7 12. f5 Bxb3 13. axb3 Nc5 14. Bd3 h6
15. Be3 e6 16. Bxc5 dxc5 17. fxe6 fxe6 18. Qg4 Rxf1+ 19. Rxf1 Qe8 20. Bc4 Nd8
21. Nb5 Rc6 22. Nxa7 Rd6 23. Nb5 Rd2 24. Nc7 Qe7 25. Nxe6 Nxe6 26. Qxg6 Rd6 27.
e5 Ra6 28. h3 Kh8 29. Bxa6 bxa6 30. Qd3 Qg5 31. Qd5 Qg6 32. Rf6 Bxf6 33. Qxe6
Qxc2 34. Qxf6+ Kh7 35. Qf7+ Kh8 36. Qf4 Kg7 37. e6 Qe2 38. Qf7+ Kh8 39. Qf6+
1-0

[Event "Young Stars of the World 2007"]
[Site "Kirishi RUS"]
[Date "2007.05.19"]
[Round "4.5"]
[White "Grigoryan, Avetik"]
[Black "Nepomniachtchi, Ian"]
[Result "0-1"]
[WhiteElo "2455"]
[BlackElo "2602"]
[PlyCount "72"]
[EventDate "2007.05.14"]
[EventType "tourn"]
[EventRounds "11"]
[EventCountry "RUS"]
[Source "lmi"]
[SourceDate "2007.05.14"]

1. d4 d5 2. c4 c6 3. Nc3 Nf6 4. Nf3 e6 5. Bg5 h6 6. Bh4 dxc4 7. e4 g5 8. Bg3 b5
9. Be2 Bb7 10. h4 g4 11. Ne5 Nbd7 12. Nxg4 b4 13. Na4 Nxe4 14. Bxc4 Rg8 15. O-O
Qa5 16. Rc1 O-O-O 17. Bh2 Bd6 18. Bxd6 Nxd6 19. Be2 Nf5 20. Nc5 Nxc5 21. Rxc5
Qb6 22. Rxf5 exf5 23. Nxh6 Rxd4 24. Nxg8 Rxd1 25. Rxd1 Qc5 26. Bd3 Kc7 27. Re1
Qd5 28. Bf1 Qxa2 29. Re7+ Kb6 30. Nf6 Bc8 31. h5 Qxb2 32. Rxf7 Be6 33. Rf8 Qc1
34. Kh2 Qxf1 35. h6 Qc1 36. Rh8 Qf4+ 0-1

[Event "Young Stars of the World 2007"]
[Site "Kirishi RUS"]
[Date "2007.05.19"]
[Round "4.6"]
[White "Bindrich, Falko"]
[Black "Andriasian, Zaven"]
[Result "0-1"]
[WhiteElo "2469"]
[BlackElo "2523"]
[PlyCount "54"]
[EventDate "2007.05.14"]
[EventType "tourn"]
[EventRounds "11"]
[EventCountry "RUS"]
[Source "lmi"]
[SourceDate "2007.05.14"]

1. Nf3 d5 2. d4 Nf6 3. c4 c6 4. e3 e6 5. Nbd2 c5 6. cxd5 exd5 7. Be2 Nc6 8.
dxc5 Bxc5 9. O-O O-O 10. a3 a5 11. Nb3 Bb6 12. Bd2 Ne4 13. Be1 Bg4 14. Nfd4
Bxe2 15. Nxe2 Re8 16. Qd3 Qd6 17. Rd1 Bc7 18. g3 Rad8 19. Nc3 Ne5 20. Qe2 Qe6
21. Kg2 b6 22. Nd4 Qg6 23. Ncb5 Bb8 24. Rc1 h5 25. h3 Nc5 26. Rd1 Ned3 27. Nf3
Nf4+ 0-1

[Event "Young Stars of the World 2007"]
[Site "Kirishi RUS"]
[Date "2007.05.20"]
[Round "5.1"]
[White "Andriasian, Zaven"]
[Black "Negi, Parimarjan"]
[Result "1/2-1/2"]
[WhiteElo "2469"]
[BlackElo "2523"]
[PlyCount "33"]
[EventDate "2007.05.14"]
[EventType "tourn"]
[EventRounds "11"]
[EventCountry "RUS"]
[Source "lmi"]
[SourceDate "2007.05.14"]

1. e4 e5 2. d4 exd4 3. Qxd4 Nc6 4. Qe3 g6 5. Nc3 Bg7 6. Bd2 d6 7. O-O-O Nge7 8.
h4 Be6 9. Nh3 Ne5 10. Nf4 Bc4 11. Nd3 N7c6 12. f4 Bxd3 13. Bxd3 Nxd3+ 14. Qxd3
h5 15. e5 dxe5 16. Qg3 O-O 17. fxe5 1/2-1/2

[Event "Young Stars of the World 2007"]
[Site "Kirishi RUS"]
[Date "2007.05.20"]
[Round "5.2"]
[White "Nepomniachtchi, Ian"]
[Black "Bindrich, Falko"]
[Result "1-0"]
[WhiteElo "2602"]
[BlackElo "2469"]
[PlyCount "47"]
[EventDate "2007.05.14"]
[EventType "tourn"]
[EventRounds "11"]
[EventCountry "RUS"]
[Source "lmi"]
[SourceDate "2007.05.14"]

1. e4 e5 2. Nf3 Nc6 3. Bc4 Bc5 4. c3 Nf6 5. d3 a6 6. h3 O-O 7. Bb3 Ba7 8. Bg5
h6 9. Bh4 d6 10. Nbd2 Qe7 11. g4 g5 12. Bg3 b5 13. h4 Bxg4 14. hxg5 hxg5 15.
Qc2 Nh5 16. Rg1 Ng7 17. Bh4 gxh4 18. Rxg4 Qd7 19. Rg5 Nd8 20. Nxh4 Qh3 21. Ndf3
Nde6 22. Rg3 Qh1+ 23. Rg1 Qh3 24. O-O-O 1-0